Players from PL Nations with Less than 20 Representatives -Europe - Statistics

General Stats
  • This quiz has been taken 7 times
  • The average score is 7 of 25
Answer Stats
Nation No. of Players Answers % Correct
Finland 19 Peter Enckelman | Marcus Forss | Mikael Forssell | Sami Hyypia |Jussi Jaaskelainen | Jonatan Johansson | Toni Kallio | Joonas Kolkka | Shefki Kuqi | Jari Litmanen | Antti Niemi | Mixu Paatelainen | Petri Pasanen | Teemu Pukki | Aki Riihlahti | Teemu Tainio | Jimi Tauriainen | Hannu Tihinen | Simo Valakri
100%
Bosnia and Herzegovina 7 Anel Ahmedhodzic | Asmir Begovic | Muhamed Besic |Edin Dzeko | Saed Kolasinac | Muhamed Konjic | Mario Vrancic
71%
Ukraine 11 Alex Evtushok | Oleh Luzhnyi | Mykhailo Mudryk | Vitalii Mykolenko | Serhiy Rebrov | Andriy Shevchenko | Andriy Voronin | Andriy Yarmalenko | Yehor Yarmolyuk | Illia Zabarnyi | Oleksandr Zinchenko
57%
Bulgaria 9 Dimitar Berbatov | Valeri Bojinov | Boncho Genchev | Ilia Gruev | Radostin Kishishev | Stanislav Manolev |Martin Petrov | Stiliyan Petrov | Svetoslav Todorov | Aleksandar Toner
57%
Iceland 19 Gudni Bergsson | Eidur Gudjohnsen | Joey Gudjonsson | Thordur Gudjonsson | Johann Berg Gudmundsson | Johann Birmir Gudmunsson | Aron Gunnarsson | Brynjar Gunnarsson | Arnar Gunnlaugsson | Heidar Helguson | Hermann Hreidarsson | Ivar Ingimarsson | Eggert Jonsson | Toddy Orlygsson | Runnar Alex Runarsson | Gylfi Sigurdsson | Larus Sigurdsson | Gretar Steinsson | Hakon Valdimirsson
57%
Israel 17 Walid Badir | Yossi Benayoun | Tal Ben Haim | Eyal Berkovic | Tamir Cohen | Najwan Ghrayib | Tomer Hemed | Yaniv Katan | Beram Kayal | Dekel Keinan | Avi Nimni | Ronny Rosenthal | Ben Sahar | Itay Shechter | Manor Solomon | Idan Tal | Itzik Zohar
57%
Russia 8 Andrey Arshavin | Diniyar Bilyaletdinov | Andrei Kancheslkis | Dmitri Kharine | Roman Pavlyuchenko | Pavel Pogrebnyak | Alexey Smertin | Yuri Zhirkov
43%
Hungary 12 Adam Bogdan | Akos Buzsaky | Marton Fulop | Zoltan Gera | Peter Halmosi | Milos Kerkez | Gabor Kiraly | Istvan Kozma | Peter Kurucz | Tamas Priskin | Dominik Szoboszlai | Sandor Torghelle
29%
Romania 16 Florin Andone | Vlad Chiriches | Cosmin Contra | Radu Dragusin | Ilie Dumitrescu | Ionel Ganea | Florin Ganea | Viorel Moldovan | Adrian Mutu | Costel Pantilimon | Dan Petrescu | Gheorghe Popescu | Ionuț Radu | Florin Raducioiu | Răzvan Rat | Gabriel Tamas
29%
Armenia 1 Henrikh Mkhitaryan
29%
Slovenia 8 Milenko Acimovic | Jaka Bijol | Jon Gorenc Stankovic | Robert Koren | Ales Krizan | Aleksander Rodic | Benjamin Sesko | Haris Vuckic
29%
Albania 3 Armando Broja | Lorik Cana | Thomas Strakosha
14%
Gibraltar 1 Danny Higginbotham
14%
Malta 1 Dylan Kerr
14%
NorthMacedonia 5 Ezgjan Alioski | Georgi Hristov | Goran Popov | Artim Sakiri | Goce Sedloski
14%
Slovakia 19 Igor Balis | Marek Cech | Martin Dubravka Ondrej Duda | Vratislav Gresko | Vladimir Kinder | Jan Kozak | Jura Kucka | Vladimir Labant | Filip Lesniak | Lubomir Michalik | Jan Mucha | Szilard Nemeth | Marek Rodak | Martin Skrtel | Miroslav Stoch | Dionatan Teixeira | Stanislav Varga | Vladimir Weiss
14%
Latvia 5 Imants Bleidelis | Kaspars Gorkss | Marians Pahars | Igors Stepanovs | Andrejs Stolcers
14%
Estonia 2 Ragnar Klavan | Mart Poom
14%
Georgia 6 Rati Aleksidze | Mikhail Kavelashvili | Temuri Ketsbaia | Zurab Khizanishvili | Georgi Kinladze | Giorgi Mamardashvili
14%
Belarus 2 Alexander Hleb | Sergei Kornilenko
0%
Cyprus 3 Alexis Nicolas | Nikodimos Papavasiliou | Valentin Roberge
0%
Kosovo 4 Bersant Celina | Florent Hadergjonaj | Arijanet Muric | Milot Rashica
0%
Lithuania 2 Giedrius Arlauskis | Tomas Danilevicius
0%
Faroe Islands 1 Gunnar Nielsen
0%
Montenegro 4 Stevan Jovetic | Stefan Savic | Simon Vukcevic | Elsad Zverotic
0%
No matching quizzes found
Score Distribution
Percent of People with Each Score
Percentile by Number Answered
Your Score History
You have not taken this quiz